| 000 | 00672nam a2200229Ia 4500 | ||
|---|---|---|---|
| 005 | 20250108124938.0 | ||
| 008 | 008 250107s9999 xx 000 0 eng d | ||
| 020 | _a81-7137-545-6 | ||
| 037 | _aTB | ||
| 040 |
_aCRL _beng _cCRL |
||
| 041 |
_aeng _2eng |
||
| 084 | _aO168,3N33x R2 | ||
| 084 | _qCRL | ||
| 100 |
_aYousafzai Malala Au. _9602783 |
||
| 245 | 0 |
_aI am Malala: the girl who stood up for education and was shot by the Taliban _cYousafzai Malala Au. |
|
| 260 |
_aLondon, UK _bWeidenfeld _c2776 |
||
| 300 | _a275p. | ||
| 365 |
_aINR _b300 |
||
| 650 |
_aWOMEN - EDUCATION _925383 |
||
| 942 |
_cTB _hO168,3N33x R2 |
||
| 999 |
_c1235164 _d1235164 |
||